| 000 | 01236nam a22003137a 4500 | ||
|---|---|---|---|
| 001 | 825 | ||
| 005 | 20230711080552.0 | ||
| 008 | 230711b cb ||||| |||| 00| 0 eng d | ||
| 020 | _a9780763628352 | ||
| 040 |
_aDLC _cDLC _dDLC _beng |
||
| 050 | 0 | 0 |
_aPZ7.M478419 _bSst 2008 |
| 082 | 0 | 0 |
_a813.54 _222 |
| 100 | 1 | _aMcDonald, Megan. | |
| 245 | 1 | 0 |
_aStink and the great Guinea Pig Express / _cMegan McDonald ; illustrated by Peter H. Reynolds. |
| 250 | _aFirst paperback edition in this format 2013 | ||
| 260 |
_aCambridge : _bSomerville, _c2013. |
||
| 300 |
_a118 pages : _billustrations ; _c19 cm. |
||
| 505 | _aP | ||
| 520 | _aStink Moody, friends Webster and Sophie, and Mrs. Birdwistle visit tourist attractions in Virginia as they try to give away 101 guinea pigs rescued from a laboratory, although Stink is very reluctant to give away his favorite, Astro. | ||
| 521 |
_a640
_bLexile |
||
| 521 |
_aP
_bRaz-Plus |
||
| 650 | 1 |
_aGuinea pigs _vFiction. |
|
| 650 | 1 |
_aAnimal rescue _vFiction. |
|
| 650 | 1 |
_aAutomobile travel _vFiction. |
|
| 650 | 1 | _aHumorous stories. | |
| 700 | 1 |
_aReynolds, Peter H. _q(Peter Hamilton), _d1961- _eillustrator. |
|
| 906 |
_a7 _bcbc _corignew _d1 _eecip _f20 _gy-gencatlg |
||
| 942 |
_2ddc _cBK _n0 |
||
| 999 |
_c825 _d825 |
||